|
|
|
|
| LEADER |
01132nam a2200361 4500 |
| 001 |
DLU090095842 |
| 005 |
##20091201 |
| 040 |
# |
# |
|a DLU
|b eng
|
| 041 |
# |
# |
|a eng
|
| 044 |
# |
# |
|a uk
|
| 245 |
# |
# |
|a Roosting ecology and social organization of the spotted-winged fruit bat, Balionycteris maculata (Chiroptera : Pteropodidae), in a Malaysian lowland dipterocarp forest /
|c Robert Hodgkison ... [et al.].
|
| 653 |
# |
# |
|a Ant nest
|
| 653 |
# |
# |
|a Balionycteris maculata
|
| 653 |
# |
# |
|a Chiroptera
|
| 653 |
# |
# |
|a Epiphyte
|
| 653 |
# |
# |
|a Polygyny
|
| 653 |
# |
# |
|a Pteropodidae
|
| 653 |
# |
# |
|a Roosting ecology
|
| 653 |
# |
# |
|a Termite nest
|
| 700 |
# |
# |
|a Akbar, Zubaid.
|
| 700 |
# |
# |
|a Balding, Sharon T.
|
| 700 |
# |
# |
|a Hodgkison, Robert.
|
| 700 |
# |
# |
|a Kunz, Thomas H.
|
| 773 |
# |
# |
|t Journal of Tropical Ecology
|g Vol. 19, part 6 (November 2003), p. 667-676
|
| 920 |
# |
# |
|a Phòng Tạp chí -- Trung tâm Thông tin - Thư viện Trường Đại học Đà Lạt
|
| 994 |
# |
# |
|a DLU
|
| 900 |
# |
# |
|a True
|
| 911 |
# |
# |
|a Trương Bảo Trâm Anh
|
| 925 |
# |
# |
|a G
|
| 926 |
# |
# |
|a A
|
| 927 |
# |
# |
|a BB
|
| 980 |
# |
# |
|a Thư viện Trường Đại học Đà Lạt
|